000 005410000a22001930004500
001 003398
003 MACL
005 20150731150525.0
008 150731b xxu||||| |||| 00| 0 eng d
040 _aMACL
_cMACL
041 _aEnglish
082 _a355.280
100 _aConference Proceedings,
_93776
245 _aProblems Of Resource Mobilisation In The States
_cConference Proceedings
260 _aDelhi
_c1970
_bIndian Institute Of Public Administration,
350 _a10
650 _aMilitary Science
_93777
942 _k355
_cBK
_2ddc
999 _c15299
_d15299